| 000 | 00451nam a2200145Ia 4500 | ||
|---|---|---|---|
| 008 | 231129s1995||||xx |||||||||||||| ||spa|| | ||
| 020 | _a958-660-006-8 | ||
| 040 | _bspa | ||
| 082 | _a326.9861 R918e | ||
| 100 | _aRueda Méndez David | ||
| 245 | 0 | _aEsclavitud y sociedad en la provincia de Tunja siglo XVIII | |
| 260 | _c1995 | ||
| 264 | _aUniversidad Pedagógica y Tecnológica de Colombia | ||
| 942 |
_2ddc _cBKS |
||
| 999 |
_c13318 _d13318 |
||